000 00498nam a2200169 4500
001 121205
003 ES-MaACL
005 20230906191717.0
007 t|
008 070214s1973 fr r ||||1| fre d
100 0 _aPrévost, Claude.
_993815
245 1 0 _aLittérature, politique, idéologie /
_cClaude Prevost ; préface de Roland Leroy.
260 _aParis :
_bEd. Sociales,
_c1973.
300 _a278 p. ;
_c18 cm.
700 1 _aLeroy, Roland.
_971808
852 _aES-MaACL
_jE-10088
_bR.94382
999 _c121205
_d121205